Największe miasta podanych państw #2 - Statystyki

Ogólne statystyki
  • Ten quiz został rozwiązany 433 razy
  • Średni wynik to 17 z 30
Statystyki odpowiedzi
Miasta % Poprawnych
Praga
99%
Wiedeń
99%
Amsterdam
97%
Bratysława
97%
Bruksela
96%
Budapeszt
96%
Rotterdam
88%
Haga
76%
Antwerpia
71%
Brno
71%
Ostrawa
70%
Salzburg
68%
Graz
65%
Koszyce
62%
Linz
59%
Innsbruck
58%
Pilzno
54%
Eindhoven
50%
Liège
40%
Debreczyn
39%
Utrecht
39%
Liberec
38%
Bańska Bystrzyca | Nitra
36%
Gandawa
33%
Żylina
29%
Pecz
24%
Preszów
24%
Miszkolc
22%
Segedyn
22%
Charleroi
20%
Nie znaleziono quizów pasujących do podanych kryteriów
Rozkład punktacji
Procent ludzi z każdym wynikiem
Percentyl według liczby udzielonych odpowiedzi
Twoja historia wyników
Nie rozwiązałeś tego quizu